000 00827nam a2200253 a 4500
001 BRCA_7445
005 20190320205834.0
008 110413s1933----mx-a######---#000-0#spa-#
041 _aspa
044 _amx
050 4 _aCJ1907
_b.W66 1933
100 1 _aWood, Howland
_918333
245 1 0 _aLa moneda revolucionaria de México 1913-1917
_cHowland Wood & J. Sánchez Garza.
260 _aMéxico
_bMuseo Nacional de Arqueología, Historia y Etnografía
_c1933
300 _a59 p.
_bil., 23 láminas
500 _aTraducida del inglés y anotada por Manuel Romero de Terreros
500 _aQ198
650 1 4 _aNumismática
_9914
650 1 4 _aMonedas mexicanas
_xHistoria
_9670
700 1 _aSánchez Garza, J.
_ecoaut.
_99847
700 1 _aRomero de Terreros y Vinent, Manuel
_etr.
_99692
902 _aGFM
942 _2lcc
_cB
999 _c7121
_d7121